Linear programming and network flows / (Record no. 18123)

MARC details
000 -LEADER
fixed length control field 01146cam a2200337 i 4500
001 - CONTROL NUMBER
control field 015380591
003 - CONTROL NUMBER IDENTIFIER
control field EG-ScBUE
005 - DATE AND TIME OF LATEST TRANSACTION
control field 20241217091036.0
008 - FIXED-LENGTH DATA ELEMENTS--GENERAL INFORMATION
fixed length control field 090723t2010 njua f b 001 0 eng d
020 ## - INTERNATIONAL STANDARD BOOK NUMBER
International Standard Book Number 9780470462720 (hbk.)
020 ## - INTERNATIONAL STANDARD BOOK NUMBER
International Standard Book Number 0470462728 (hbk.)
040 ## - CATALOGING SOURCE
Original cataloging agency StDuBDS
Language of cataloging eng
Description conventions rda
Transcribing agency StDuBDS
Modifying agency Uk
-- EG-ScBUE
082 04 - DEWEY DECIMAL CLASSIFICATION NUMBER
Classification number 519.72
Edition number 22
Item number BAZ
100 1# - MAIN ENTRY--PERSONAL NAME
Personal name Bazaraa, M. S.,
Relator term author.
245 10 - TITLE STATEMENT
Title Linear programming and network flows /
Statement of responsibility, etc Mokhtar S. Bazaraa, John J. Jarvis, Hanif D. Sherali.
250 ## - EDITION STATEMENT
Edition statement Fourth edition.
264 #1 - PUBLICATION, DISTRIBUTION, ETC. (IMPRINT)
Place of publication, distribution, etc Hoboken, New Jersey :
Name of publisher, distributor, etc John Wiley & Sons, Inc.,
Date of publication, distribution, etc [2010]
264 #4 - PUBLICATION, DISTRIBUTION, ETC. (IMPRINT)
Date of publication, distribution, etc c2010
300 ## - PHYSICAL DESCRIPTION
Extent xiv, 748 pages :
Other physical details charts, forms, tables ;
Dimensions 25 cm
336 ## - CONTENT TYPE
Source rdacontent
Content type term text
Content type code txt
337 ## - MEDIA TYPE
Media type term unmediated
Source rdamedia
Media type code n
338 ## - CARRIER TYPE
Carrier type term volume
Carrier type code nc
Source rdacarrier
504 ## - BIBLIOGRAPHY, ETC. NOTE
Bibliography, etc Includes bibliographical references and index.<br/>
650 #7 - SUBJECT ADDED ENTRY--TOPICAL TERM
Topical term or geographic name as entry element Linear programming.
Source of heading or term BUEsh
650 #7 - SUBJECT ADDED ENTRY--TOPICAL TERM
Topical term or geographic name as entry element Network analysis (Planning)
Source of heading or term BUEsh
653 ## - INDEX TERM--UNCONTROLLED
Resource For college Informatics and Computer Science
Arrived date list March2014
655 ## - INDEX TERM--GENRE/FORM
Form subdivision Reading book
9 (RLIN) 33728
700 1# - ADDED ENTRY--PERSONAL NAME
Personal name Jarvis, John J.,
Relator term author.
700 1# - ADDED ENTRY--PERSONAL NAME
Personal name Sherali, Hanif D.,
Dates associated with a name 1952-
Relator term author.
942 ## - ADDED ENTRY ELEMENTS (KOHA)
Source of classification or shelving scheme Dewey Decimal Classification
Koha item type Book - Borrowing
Holdings
Withdrawn status Lost status Source of classification or shelving scheme Damaged status Not for loan Collection code Home library Current library Shelving location Date acquired Source of acquisition Cost, normal purchase price Total Checkouts Full call number Barcode Date last seen Cost, replacement price Price effective from Koha item type Total Renewals Date checked out
    Dewey Decimal Classification     Baccah Central Library Central Library First floor 18/03/2014 Purchase 850.00   519.72 BAZ 000035742 15/07/2025 1062.50 18/03/2014 NB - Book (Non borrowing)    
    Dewey Decimal Classification     Baccah Central Library Central Library First floor 18/03/2014 Purchase 850.00 2 519.72 BAZ 000035743 15/07/2025 1062.50 18/03/2014 Book - Borrowing 35 20/02/2019
    Dewey Decimal Classification     Baccah Central Library Central Library First floor 18/03/2014 Purchase 850.00 1 519.72 BAZ 000035744 15/07/2025 1062.50 18/03/2014 Book - Borrowing 16 06/02/2018